Zdanenie jednorazových miezd a doplatkov

Bibliographic Details
Format: Article
Language:Slovak
Subjects:

MARC

LEADER 00000nab a2200000 a 4500
001 vtls000637193
003 SK-MaSNL
005 20260304101506.0
008 250426c1997 xo 0 slo
015 |a SNBRB19rr/mm-uuuuu 
035 |a CL0637332 
035 |a urn:nbn:sk:snk-ab77y1 
035 |a (uuid)b8231f99-ba97-43f5-ae70-bf710a1487a9 
035 |a (urnnbn)urn:nbn:sk:snk:ar-a074yk 
035 |a (sysno)vtls000637193 
040 |a SNKBUCL  |b slo  |c SNKBUCL  |e AACR2 
041 0 |a slo 
044 |a xo  |c SK 
080 |a 336.215.1:331.232  |2 1981 
080 |a 331.232  |2 1981 
245 0 0 |a Zdanenie jednorazových miezd a doplatkov 
650 0 7 |a mzda jednorazová  |2 snkbucl  |9 994746 
650 0 7 |a doplatky miezd  |2 snkbucl  |9 994747 
650 0 7 |a daň z príjmov zo závislej činnosti a funkčných požitkov  |2 snkbucl  |9 838601 
655 7 |a články z novín a časopisov  |2 snkbucl  |9 267496 
773 0 |t Mzdy a financie  |g Roč. 4, č. 13-14 (1997), s. 24-29 
850 |a Slovenská národná knižnica 
852 |a Slovenská národná knižnica 
958 |a article27 
958 |a OND 
958 |a RK 
999 |c 2841997  |d 2843927